| 000 | 00788cam a22002415a 4500 | ||
|---|---|---|---|
| 001 | 17146134 | ||
| 005 | 20161221144441.0 | ||
| 008 | 120202t2009 maua frbd 001 0 eng d | ||
| 020 | _a9780123704719 | ||
| 040 |
_aDLC _cDLC _beng _dEG-ScBUE |
||
| 082 | 0 | 4 |
_a332.632044 _222 _bSUN |
| 100 | 1 | _aSundaresan, Suresh M. | |
| 245 | 1 | 0 |
_aFixed income markets and their derivatives / _cSuresh Sundaresan. |
| 250 | _a3rd ed. | ||
| 260 |
_aBurlington : _bAcademic Press / Elsevier, _cc.2009. |
||
| 300 |
_axvi, 435 p. : _bill. ; _c24 cm. |
||
| 490 | 0 | _aAcademic Press advanced finance series | |
| 500 | _aGlossary : p. 411-421. | ||
| 504 | _aIncludes bibliographical references and index. | ||
| 650 | 7 |
_aFixed-income securities. _2BUEsh _940053 |
|
| 653 |
_bBUSADM _cDecember2016 |
||
| 942 | _2ddc | ||
| 999 |
_c23674 _d23646 |
||